000 00475nam a2200193Ia 4500
005 20140402153324.0
008 140130s9999 xx 000 0 und d
020 _a0439223504
050 _aPZ 7
_b.L3274Jah 2002
100 _aLasky, Katherine
_924630
245 _cKatherine Lasky.
_aThe royal diaries /
260 _bScholastic,
_c2002.
_aUSA :
300 _a186 p. :
_c19 cm.
440 _v1
521 _aG7
526 _c890
942 _cBK
_2lcc
999 _c41187
_d41187